| 000 -LEADER |
| fixed length control field |
01343nam a2200313 4500 |
| 008 - FIXED-LENGTH DATA ELEMENTS--GENERAL INFORMATION |
| fixed length control field |
250527b xxu||||| |||| 00| 0 eng d |
| 040 ## - CATALOGING SOURCE |
| Original cataloging agency |
Cagayan State University |
| 082 ## - DEWEY DECIMAL CLASSIFICATION NUMBER |
| Classification number |
791.4372 |
| Item number |
H918 |
| 245 ## - TITLE STATEMENT |
| Title |
Humanist vampire seeking consenting suicidal person / directed by Ariane Louis-Seize ; written by Ariane Louis-Seize, Christine Doyon ; produce by Jeanne-Marie Poulain, Line Sander Egede |
| 300 ## - PHYSICAL DESCRIPTION |
| Extent |
1 videofile, (ca. 91 min.) ; |
| Other physical details |
sound, color. |
| 520 ## - SUMMARY, ETC. |
| Summary, etc |
Young vampire Sasha has a serious problem: she can't kill. Her exasperated parents cut off her blood supply, putting her life in jeopardy. Sasha meets Paul, a lonely teen with suicidal tendencies who is willing to give his life for hers, and they begin a nocturnal quest to fulfill Paul's last wishes. |
| 546 ## - LANGUAGE NOTE |
| Language note |
in English subtitle. |
| 650 ## - SUBJECT ADDED ENTRY--TOPICAL TERM |
| Topical term or geographic name as entry element |
Horror. |
| 650 ## - SUBJECT ADDED ENTRY--TOPICAL TERM |
| Topical term or geographic name as entry element |
Fantasy |
| 650 ## - SUBJECT ADDED ENTRY--TOPICAL TERM |
| Topical term or geographic name as entry element |
Comedy. |
| 650 ## - SUBJECT ADDED ENTRY--TOPICAL TERM |
| Topical term or geographic name as entry element |
Drama |
| 650 ## - SUBJECT ADDED ENTRY--TOPICAL TERM |
| Topical term or geographic name as entry element |
Narrative |
| 700 ## - ADDED ENTRY--PERSONAL NAME |
| Personal name |
Montpetit, Sara star. |
| 700 ## - ADDED ENTRY--PERSONAL NAME |
| Personal name |
Bernard, Felix Antoine star. |
| 700 ## - ADDED ENTRY--PERSONAL NAME |
| Personal name |
Laplante, Steve star. |
| 700 ## - ADDED ENTRY--PERSONAL NAME |
| Personal name |
Cadieux, Sophie star. |
| 700 ## - ADDED ENTRY--PERSONAL NAME |
| Personal name |
O'Farrell, Noemie star. |
| 700 ## - ADDED ENTRY--PERSONAL NAME |
| Personal name |
Brassard, Marie star. |
| 700 ## - ADDED ENTRY--PERSONAL NAME |
| Personal name |
Hivon, Patrick star. |
| 700 ## - ADDED ENTRY--PERSONAL NAME |
| Personal name |
Beaupre, Marc star. |
| 700 ## - ADDED ENTRY--PERSONAL NAME |
| Personal name |
Pavlin, Shawn cinematography. |
| 700 ## - ADDED ENTRY--PERSONAL NAME |
| Personal name |
Lafleur, Stephanie editor. |
| 942 ## - ADDED ENTRY ELEMENTS (KOHA) |
| Item type |
Audio-Visual Materials |
| Source of classification or shelving scheme |
|